Revitalizácia lokalít s enviromentálnou záťažou pre účely cestovného ruchu bakalárska práca

Na minha lista:
Detalhes bibliográficos
Autor principal: Gabríková, Katarína
Autor Corporativo: Obchodná fakulta EU. Katedra služieb a cestovného ruchu - zrušené
Outros Autores: Kubíková, Ľubomíra, 1996-
Formato: Livro
Idioma:eslovaco
Publicado em: Bratislava 2022
Tags: Adicionar Tag
Sem tags, seja o primeiro a adicionar uma tag!

MARC

LEADER 00000nbm a2200000 4500
001 0285815
005 20221205131749.3
041 0 |a slo 
044 |a SK 
245 1 0 |a Revitalizácia lokalít s enviromentálnou záťažou pre účely cestovného ruchu  |b bakalárska práca  |c Katarína Gabríková ; školiteľ: Ľubomíra Kubíková 
264 1 |a Bratislava  |c 2022 
300 |a 58 s. 
100 1 |a Gabríková, Katarína 
700 1 |a Kubíková, Ľubomíra, 1996- 
710 2 |a Obchodná fakulta EU. Katedra služieb a cestovného ruchu - zrušené